000 00945nam a2200265Ia 4500
003 OSt
005 20220930091420.0
006 a|||||r|||| 00| 0
007 ta
008 220926b |||||||| |||| 00| 0 eng d
024 _a5896
037 _cTheses
040 _aCRL
_cCRL
_beng
041 _2eng
_aeng
100 _aTank Shekhar
_9545604
110 _aUniversity of Delhi. Faculty of Medical Sciences. Department of Surgery
245 0 _aComparative study of double bundle anterior cruciate ligament reconstruction with and without using dedicated zig for tibial and femoral tunnel preparation
260 _c2012
650 _aORTHOPEDICS
_9519704
700 _a Dr. Manoj Kumar Gu.
_9532683
700 _a Dr. Vinod Kumar Gu.
_9533879
700 _aUniversity of Delhi. Faculty of Medical Sciences. Department of Surgery
942 _cDIS
_2CC
999 _c882053
_d882053